| Tag |
First Indicator |
Second Indicator |
Subfields |
| LEADER |
00000cam a2200000 a 4500 |
| 001 |
in00000009132 |
| 005 |
20151007051500.0 |
| 008 |
870318s1987 miua b 00110 eng |
| 010 |
|
|
|a 87003724
|
| 020 |
|
|
|a 0873710398 :
|c $37.50
|
| 035 |
|
|
|a (OCoLC)15485787
|
| 035 |
|
|
|9 AAA3207AM
|
| 040 |
|
|
|a DLC
|c DLC
|d TXA
|d UtOrBLW
|
| 049 |
|
|
|a TXAM
|c [A12628439]
|
| 050 |
0 |
0 |
|a TD899.P4
|b B67 1987
|
| 082 |
0 |
|
|a 661/.804
|2 19
|
| 100 |
1 |
|
|a Borup, M. Brett.
|
| 245 |
1 |
0 |
|a Pollution control in the petrochemicals industry /
|c M. Brett Borup, E. Joe Middlebrooks.
|
| 264 |
|
1 |
|a Chelsea, Mich. :
|b Lewis Publishers,
|c [1987]
|
| 264 |
|
4 |
|c ©1987
|
| 300 |
|
|
|a 180 pages :
|b illustrations ;
|c 25 cm.
|
| 336 |
|
|
|a text
|b txt
|2 rdacontent
|
| 337 |
|
|
|a unmediated
|b n
|2 rdamedia
|
| 338 |
|
|
|a volume
|b nc
|2 rdacarrier
|
| 504 |
|
|
|a Includes bibliographies and index.
|
| 650 |
|
0 |
|a Petroleum chemicals industry
|x Waste disposal
|x Environmental aspects.
|
| 650 |
|
0 |
|a Pollution
|x Environmental aspects.
|
| 700 |
1 |
|
|a Middlebrooks, E. Joe.
|
| 999 |
|
|
|a MARS
|
| 999 |
f |
f |
|s 074083b7-90fa-3c6e-b645-95a77e97f423
|i bc71ff66-d737-3179-9fd6-8de63df1da2a
|t 0
|
| 952 |
f |
f |
|p ric
|a Texas A&M University
|b Rellis Campus
|c Joint Library Facility
|d Remote Storage
|t 0
|e TD899.P4 B67 1987
|h Library of Congress classification
|i unmediated -- volume
|m A14812628439
|
| 998 |
f |
f |
|a TD899.P4 B67 1987
|t 0
|l Remote Storage
|